00870nam a22002297a 450000500170000001000150001702000270003203500140005903700090007308200130008224501240009525000060021926000350022527000630026030000280032350000190035170000350037070000320040594200240043799900190046195201600048020260320143839.0 aENG-148091 a9789395474115c2795.00 aEN-131623 bDBAD a181.421 aThe Ethnography of Tantra: cEdited By Carola E. Lorea [and] Rohit SIngh bTextures and Contexts of Living Tantric .../ a1 aNew DelhibSanctum Booksc2026 a68 Medical Association Road, Darya GanjbNew Delhie110002 a364p. c24cm(hb)bIndex aIncludes index aCarola E. LoreaeEditor988678 aRohit SIngh eEditor988679 cENh181.42ddcmETH c215690d215690 001040708NFICaDBADbDBADd2026-03-20eDelivery of Books Act Divisiong2795.00l0o181.4 ETHpEN-131623r2026-03-20 00:00:00t1v2795.00w2026-03-20yEN